LEADER 01278nam a2200253 i 4500 001 000000175076 003 CaOOAMICUS 005 20250114143911.0 008 081022s2008 it u000 u ita u 040 $aSeMil$bita 245 03$aLe carte del monastero di s. Pietro di Modena :$b983-1159 /$ca cura di Domenico Cerami. 264 1$aCesena :$bBadia di Santa Maria del Monte,$c2008. 300 $aLXIII, 226 p. ;$c25 cm. 490 1 $aItalia benedettina : studi e documenti di storia monastica ;$v30. 650 4$aModena - Monastero di San Pietro - Fonti documentarie.$0(OLS)http://semarc/subject/33403 700 1 $aCerami, Domenico.$0(OLS)http://semarc/name/65335 710 0 $aCentro storico benedettino italiano.$0(OLS)http://semarc/name/71 830 0$aItalia benedettina :$bstudi e documenti di storia monastica ;$v30.$0(OLS)http://semarc/title/104 850 $aSeMil 852 $aSeMil$W1$xVenegono$y1$m3TA F 30$j253824$B125901$CSeMilBibl$Z2$F136708 $81 961 $aSottoscrizione: Centro Storico Benedettino Italiano 996 $6245$aLe carte del monastero di s. Pietro di Modena :$b983-1159$9(OLS)http://semarc/title/251085 996 $6264$aCesena :$bBadia di Santa Maria del Monte$9(OLS)http://semarc/publisher/29702 LEADER 00837nam a2200217 i 4500 001 000000179325 003 CaOOAMICUS 005 20090508000000.0 008 090508s1956 it u000 u ita u 013 $a156901 040 $aSeMil$bita 100 1 $aCutolo, Alessandro.$0(OLS)http://semarc/name/8277 245 10$aViaggio nel Medioevo italiano :$b476-1453 /$cdi Alessandro Cutolo. 260 $aMilano :$bValentino Bompiani,$c1956. 300 $a442 p. ;$c21 cm. 490 0 $aGrandi ritorni 830 0$aGrandi ritorni.$0(OLS)http://semarc/title/11617 850 $aSeMil 852 $aSeMil$W1$xVenegono$y1$m3B I 147$j130089$B130089$CSeMilBibl$Z2$F141590 $81 996 $6245$aViaggio nel Medioevo italiano :$b476-1453$9(OLS)http://semarc/title/257493 996 $6260$aMilano :$bValentino Bompiani$9(OLS)http://semarc/publisher/32383